[Event "Pan American-ch School U17 12th"]
[Site "Callao"]
[Date "2023.10.19"]
[Round "6"]
[White "Chilan Villa, Andres Jesus"]
[Black "Garay Ramirez, Estefano Javier"]
[Result "1/2-1/2"]
[WhiteElo "1835"]
[BlackElo "1667"]
[PlyCount "81"]
[EventDate "2023.10.16"]
[EventType "swiss"]
[EventRounds "9"]
[EventCountry "PER"]
[SourceTitle "Mega2024 Update 01"]
[Source "Chessbase"]
[SourceDate "2023.11.12"]
[SourceVersion "1"]
[SourceVersionDate "2023.11.12"]
[SourceQuality "1"]

1. d4 Nf6 2. c4 g6 3. Nc3 d5 4. cxd5 Nxd5 5. Bd2 Bg7 6. e4 Nxc3 7. Bxc3 c5 8. d5 Bxc3+ 9. bxc3 e6 10. Nf3 a6 11. Be2 0-0 12. 0-0 exd5 13. exd5 Bf5 14. Qd2 Nd7 15. c4 Re8 16. Rfe1 Qf6 17. Rad1 h5 18. h3 Re4 19. Bd3 Rxe1+ 20. Nxe1 Re8 21. Bxf5 Qxf5 22. Nf3 Re4 23. Qb2 b6 24. Qc2 g5 25. Rb1 g4 26. Nd2 Rf4 27. Qxf5 Rxf5 28. Re1 Re5 29. Kf1 f5 30. hxg4 hxg4 31. a4 Kf7 32. f4 gxf3 33. gxf3 Ke7 34. f4 Rxe1+ 35. Kxe1 Nf6 36. Ke2 Kd6 37. Nf1 b5 38. axb5 axb5 39. cxb5 Nxd5 40. Ng3 Nxf4+ 41. Kf3 1/2-1/2

[Event "ECU-ch"]
[Site "Quito"]
[Date "2023.06.23"]
[Round "5"]
[White "Chilan Villa, Andres Jesus"]
[Black "Badillo Ramos, Michael Steve"]
[Result "1/2-1/2"]
[WhiteElo "1894"]
[BlackElo "1993"]
[PlyCount "39"]
[EventDate "2023.06.21"]
[EventType "swiss"]
[EventRounds "9"]
[EventCountry "ECU"]
[SourceTitle "CBM 215 Extra"]
[Source "ChessBase"]
[SourceDate "2023.09.30"]
[SourceVersion "1"]
[SourceVersionDate "2023.09.30"]
[SourceQuality "1"]

1. d4 d5 2. c4 c6 3. Nf3 Nf6 4. Nc3 dxc4 5. e4 b5 6. e5 Nd5 7. Bg5 h6 8. Bh4 g5 9. Nxg5 hxg5 10. Bxg5 Nd7 11. g3 Rg8 12. Bh4 f6 13. exf6 N7xf6 14. Bxf6 Nxf6 15. Bg2 Bb7 16. Nxb5 cxb5 17. Bxb7 e6 18. h4 Bb4+ 19. Kf1 Rb8 20. Bf3 1/2-1/2

[Event "ECU-ch"]
[Site "Quito"]
[Date "2023.06.22"]
[Round "4"]
[White "Nagua Valladares, Kevin Joel"]
[Black "Chilan Villa, Andres Jesus"]
[Result "1/2-1/2"]
[WhiteElo "1254"]
[BlackElo "1894"]
[PlyCount "40"]
[EventDate "2023.06.21"]
[EventType "swiss"]
[EventRounds "9"]
[EventCountry "ECU"]
[SourceTitle "CBM 215 Extra"]
[Source "ChessBase"]
[SourceDate "2023.09.30"]
[SourceVersion "1"]
[SourceVersionDate "2023.09.30"]
[SourceQuality "1"]

1. e4 c5 2. Nf3 d6 3. d4 cxd4 4. Nxd4 Nf6 5. Nc3 a6 6. f3 e6 7. Be3 b5 8. Qd2 Bb7 9. g4 Nbd7 10. Bg2 Nb6 11. Qf2 Nbd7 12. Rd1 b4 13. Nce2 d5 14. Ng3 Be7 15. f4 Rc8 16. Nxe6 Nxg4 17. Nxd8 Nxf2 18. Bxf2 Bxd8 19. exd5 Bc7 20. 0-0 0-0 1/2-1/2

[Event "ECU-ch U18"]
[Site "Riobamba"]
[Date "2023.04.12"]
[Round "1"]
[White "Chilan Villa, Andres Jesus"]
[Black "Jimenez Molina, Richard Andres"]
[Result "1-0"]
[WhiteElo "1860"]
[BlackElo "1250"]
[PlyCount "79"]
[EventDate "2023.04.12"]
[EventType "swiss"]
[EventRounds "9"]
[EventCountry "ECU"]
[SourceTitle "EXT 2024"]
[Source "ChessBase"]
[SourceDate "2023.10.10"]
[SourceVersion "1"]
[SourceVersionDate "2023.10.10"]
[SourceQuality "1"]

1. d4 d5 2. c4 Nc6 3. e3 Nf6 4. Nc3 e6 5. Nf3 Bb4 6. Qc2 Ne4 7. Bd3 f5 8. 0-0 0-0 9. cxd5 Bxc3 10. dxc6 Bb4 11. cxb7 Bxb7 12. Qb3 Ng5 13. Nxg5 Qxg5 14. f3 a5 15. Qxe6+ Kh8 16. Qb3 Rab8 17. Qc2 Bd6 18. e4 Qh4 19. g3 Qd8 20. e5 Be7 21. Qf2 Qd5 22. Bc2 Rbc8 23. Bb3 Qd7 24. Bd2 a4 25. Bd1 Rfd8 26. Rc1 c5 27. Bf4 cxd4 28. Rxc8 Rxc8 29. Re1 Qd5 30. Bxa4 Qxa2 31. Bd7 Rd8 32. e6 Qc4 33. h4 h6 34. Kh2 d3 35. Rd1 Bd5 36. Qe3 Qb3 37. Rxd3 Qxb2+ 38. Rd2 Qb7 39. Be5 Bxe6 40. Bxe6 1-0

[Event "South America-ch U20"]
[Site "Guayaquil"]
[Date "2021.11.06"]
[Round "7"]
[White "Chilan Villa, Andres Jesus"]
[Black "Tobar Beltran, Jorge Esteban"]
[Result "1-0"]
[WhiteElo "1601"]
[BlackElo "2046"]
[PlyCount "69"]
[EventDate "2021.11.02"]
[EventType "swiss"]
[EventRounds "9"]
[EventCountry "ECU"]
[SourceTitle "CBM 205 Extra"]
[Source "ChessBase"]
[SourceDate "2022.01.31"]
[SourceVersion "1"]
[SourceVersionDate "2022.01.31"]
[SourceQuality "1"]

1. d4 e6 2. Nf3 f5 3. Bg5 Nf6 4. Nc3 d5 5. e3 c6 6. Bd3 Bd6 7. Ne5 Nbd7 8. f4 0-0 9. 0-0 c5 10. Nb5 Be7 11. c4 a6 12. Nc3 cxd4 13. exd4 Qb6 14. Ne2 Re8 15. Qc2 Nxe5 16. fxe5 Ng4 17. c5 Qd8 18. Bd2 Bg5 19. Qc1 Bxd2 20. Qxd2 Bd7 21. b4 Bb5 22. Bxb5 axb5 23. Nc3 Rf8 24. h3 Nh6 25. Nxb5 Nf7 26. Nd6 Nxd6 27. exd6 Ra3 28. Rae1 Qf6 29. Re3 Rxe3 30. Qxe3 f4 31. Qe5 Qxe5 32. dxe5 Rf7 33. b5 Kf8 34. c6 Ke8 35. Rxf4 1-0

[Event "ECU Clasif2 U13"]
[Site "Chess.com INT"]
[Date "2020.12.18"]
[Round "4"]
[White "Ulloa Centeno, Leandro Nicolas"]
[Black "Chilan Villa, Andres Jesus"]
[Result "1/2-1/2"]
[WhiteElo "1353"]
[BlackElo "1493"]
[PlyCount "105"]
[EventDate "2020.12.18"]
[EventType "swiss"]
[EventRounds "9"]
[EventCountry "ECU"]
[SourceTitle "EXT 2022"]
[Source "ChessBase"]
[SourceDate "2021.10.06"]
[SourceVersion "1"]
[SourceVersionDate "2021.10.06"]
[SourceQuality "1"]

1. d4 Nf6 2. Bf4 g6 3. e3 Bg7 4. Nf3 0-0 5. Be2 d6 6. Nbd2 b6 7. 0-0 Bb7 8. Bg3 Nbd7 9. c4 Re8 10. Qc2 e5 11. d5 Qe7 12. e4 h6 13. h4 Nh5 14. Bh2 Nf4 15. Bxf4 exf4 16. Bd3 g5 17. hxg5 hxg5 18. Nh2 Ne5 19. Be2 Bc8 20. Ndf3 f6 21. Nxe5 fxe5 22. Bg4 Bb7 23. Bf5 Kf7 24. Qe2 Rh8 25. g3 Bf6 26. Be6+ Kg7 27. Qg4 Rh6 28. Nf3 Rah8 29. Kg2 Qd8 30. Rh1 Ba6 31. b3 b5 32. Rac1 bxc4 33. bxc4 Rxh1 34. Rxh1 Bxc4 35. Rxh8 Kxh8 36. Qh5+ Kg7 37. Bf5 Qh8 38. Qg6+ Kf8 39. Nxg5 Bxg5 40. Qxg5 fxg3 41. Qd8+ Kg7 42. Qe7+ Kh6 43. Qe6+ Kg5 44. Qe7+ Qf6 45. Qe8 gxf2 46. Qg8+ Kh6 47. Qh7+ Kg5 48. Kxf2 Qh6 49. Qg8+ Kf6 50. Qe6+ Kg5 51. Qg8+ Kf6 52. Qe6+ Kg5 53. Qg8+ 1/2-1/2

[Event "ECU Clasif1 U13"]
[Site "Chess.com INT"]
[Date "2020.12.17"]
[Round "8"]
[White "Chilan Villa, Andres Jesus"]
[Black "Ulloa Centeno, Luis Manuel"]
[Result "1/2-1/2"]
[WhiteElo "1493"]
[BlackElo "1180"]
[PlyCount "80"]
[EventDate "2020.12.17"]
[EventType "swiss"]
[EventRounds "9"]
[EventCountry "ECU"]
[SourceTitle "EXT 2022"]
[Source "ChessBase"]
[SourceDate "2021.10.06"]
[SourceVersion "1"]
[SourceVersionDate "2021.10.06"]
[SourceQuality "1"]

1. d4 d5 2. Nf3 Nf6 3. g3 Bf5 4. Bg2 e6 5. 0-0 Bd6 6. c4 0-0 7. Nc3 c6 8. Ne5 Nbd7 9. Bf4 Bc7 10. f3 h6 11. e4 Bh7 12. Rc1 Nh5 13. Nxd7 Qxd7 14. Bxc7 Qxc7 15. cxd5 exd5 16. Nxd5 Qd6 17. Nc3 Rad8 18. d5 cxd5 19. Nxd5 Nf6 20. Nxf6+ Qxf6 21. Qb3 Rd7 22. Rfd1 Rxd1+ 23. Rxd1 b6 24. f4 Rc8 25. e5 Qe7 26. Qd5 Bc2 27. Rd2 Qc5+ 28. Qxc5 Rxc5 29. Kf2 Bg6 30. g4 Bb1 31. a3 Rc2 32. Rxc2 Bxc2 33. Ke3 Bb3 34. Kd4 Kf8 35. h3 Ke7 36. Bd5 Ba4 37. Bc4 Bc6 38. Bd5 Ba4 39. Be4 Bb3 40. Bd5 Ba4 1/2-1/2

[Event "ECU Clasif1 U13"]
[Site "Chess.com INT"]
[Date "2020.12.17"]
[Round "5"]
[White "Guzman, Diego"]
[Black "Chilan Villa, Andres Jesus"]
[Result "1-0"]
[WhiteElo "1774"]
[BlackElo "1493"]
[PlyCount "79"]
[EventDate "2020.12.17"]
[EventType "swiss"]
[EventRounds "9"]
[EventCountry "ECU"]
[SourceTitle "EXT 2022"]
[Source "ChessBase"]
[SourceDate "2021.10.06"]
[SourceVersion "1"]
[SourceVersionDate "2021.10.06"]
[SourceQuality "1"]

1. d4 Nf6 2. c4 g6 3. Nc3 d5 4. cxd5 Nxd5 5. e4 Nxc3 6. bxc3 Bg7 7. Bc4 0-0 8. Ne2 c5 9. Be3 Nc6 10. 0-0 b6 11. Qd2 Qc7 12. Rac1 Rd8 13. f3 Bb7 14. d5 Ne5 15. Bb3 b5 16. h3 a5 17. f4 Nd7 18. a4 Nf6 19. Ng3 Ba6 20. axb5 Bxb5 21. c4 Be8 22. e5 Nd7 23. Ba4 Nb6 24. Bxe8 Rxe8 25. Ne4 Red8 26. Bxc5 Na4 27. Be3 Qd7 28. Rfd1 Rac8 29. c5 Qb7 30. c6 Qa6 31. d6 exd6 32. exd6 Rxc6 33. Rxc6 Qxc6 34. Qxa5 Qxe4 35. Qxd8+ Bf8 36. Bd4 Qe2 37. Ra1 Qd3 38. Rxa4 Qb3 39. Ra8 Qd1+ 40. Kh2 1-0

[Event "ECU-ch Schools U13 Clas1"]
[Site "Chess.com INT"]
[Date "2020.11.18"]
[Round "7"]
[White "Chilan Villa, Andres Jesus"]
[Black "Ulloa Centeno, Leandro Nicolas"]
[Result "1-0"]
[WhiteElo "1493"]
[BlackElo "1353"]
[PlyCount "99"]
[EventDate "2020.11.18"]
[EventType "swiss"]
[EventRounds "9"]
[EventCountry "ECU"]
[SourceTitle "CBM 199 Extra"]
[Source "ChessBase"]
[SourceDate "2021.01.31"]
[SourceVersion "1"]
[SourceVersionDate "2021.01.31"]
[SourceQuality "1"]

1. d4 f5 2. Nc3 Nf6 3. Bg5 e6 4. e4 fxe4 5. Nxe4 Be7 6. Bxf6 Bxf6 7. Nf3 0-0 8. Bd3 d5 9. Ng3 c5 10. c3 cxd4 11. cxd4 Qa5+ 12. Qd2 Qxd2+ 13. Kxd2 Nc6 14. Ne2 Bd7 15. Rac1 Rac8 16. h4 Nb4 17. Bb1 Nc6 18. Ng5 h6 19. Nh7 Rf7 20. Bg6 Re7 21. Nxf6+ gxf6 22. f4 Rg7 23. h5 f5 24. a3 a5 25. Ke3 Kf8 26. Rhg1 Ke7 27. g4 fxg4 28. Rxg4 Rf8 29. Rgg1 Kd6 30. Nc3 Ne7 31. Bd3 Rgf7 32. Ne2 Nf5+ 33. Bxf5 Rxf5 34. Rh1 Bb5 35. Nc3 Bc4 36. Rh4 Rg8 37. Ne2 Bxe2 38. Kxe2 Rg2+ 39. Ke3 Rxb2 40. Rc8 Rb3+ 41. Kd2 Rf3 42. Rh8 Rf6 43. Rh7 b5 44. Ra7 Rxa3 45. Rb7 b4 46. Rg4 Ra2+ 47. Ke3 Rf8 48. Rgg7 Ra3+ 49. Kd2 Rd8 50. Rb6# 1-0

[Event "ECU-ch Schools U13 Clas1"]
[Site "Chess.com INT"]
[Date "2020.11.18"]
[Round "3"]
[White "Ubilluz Pena, Jaiden Andres"]
[Black "Chilan Villa, Andres Jesus"]
[Result "1-0"]
[WhiteElo "1324"]
[BlackElo "1493"]
[PlyCount "59"]
[EventDate "2020.11.18"]
[EventType "swiss"]
[EventRounds "9"]
[EventCountry "ECU"]
[SourceTitle "CBM 199 Extra"]
[Source "ChessBase"]
[SourceDate "2021.01.31"]
[SourceVersion "1"]
[SourceVersionDate "2021.01.31"]
[SourceQuality "1"]

1. e4 c6 2. d4 d5 3. e5 Bf5 4. Nc3 e6 5. f4 c5 6. Nf3 Nc6 7. Be3 cxd4 8. Nxd4 Nxd4 9. Bxd4 Ne7 10. Bb5+ Nc6 11. 0-0 Be7 12. g4 Be4 13. Nxe4 dxe4 14. Bxc6+ bxc6 15. Be3 Qd5 16. Qe2 0-0 17. b3 Rfd8 18. Rad1 Qa5 19. a4 Qc3 20. Bf2 Qb4 21. Rxd8+ Rxd8 22. Rd1 Rd5 23. c4 Rxd1+ 24. Qxd1 Qb7 25. f5 exf5 26. gxf5 g6 27. f6 Bf8 28. Qd8 Qxb3 29. Bc5 Qf3 30. Qxf8# 1-0

[Event "ECU-ch Schools U15 Clas1"]
[Site "Chess.com INT"]
[Date "2020.11.05"]
[Round "1"]
[White "Carrion Pulla, Jesus Adrian"]
[Black "Chilan Villa, Andres Jesus"]
[Result "1-0"]
[WhiteElo "1267"]
[BlackElo "1493"]
[PlyCount "103"]
[EventDate "2020.11.05"]
[EventType "swiss"]
[EventRounds "9"]
[EventCountry "ECU"]
[SourceTitle "EXT 2022"]
[Source "ChessBase"]
[SourceDate "2021.10.06"]
[SourceVersion "1"]
[SourceVersionDate "2021.10.06"]
[SourceQuality "1"]

1. e4 c6 2. d4 d5 3. e5 Bf5 4. h3 e6 5. Nf3 c5 6. c3 Ne7 7. Nbd2 Nbc6 8. Nb3 c4 9. Nbd2 h5 10. Be2 Ng6 11. Nf1 h4 12. Ne3 Be4 13. 0-0 Bxf3 14. Bxf3 Be7 15. Bd2 0-0 16. b3 b5 17. b4 f6 18. exf6 Bxf6 19. a4 a6 20. axb5 axb5 21. Rxa8 Qxa8 22. Qa1 Bg5 23. Rd1 Nf4 24. g3 hxg3 25. fxg3 Nd3 26. Qxa8 Rxa8 27. Nxd5 Bxd2 28. Rxd2 exd5 29. Bxd5+ Kh7 30. Bxc6 Ra1+ 31. Kg2 Ne1+ 32. Kf2 Nd3+ 33. Kf3 Rf1+ 34. Ke3 Re1+ 35. Re2 Rc1 36. Be4+ Kh6 37. Bxd3 Rxc3 38. Rd2 cxd3 39. Rxd3 Rc4 40. Rb3 Rc6 41. d5 Rd6 42. Kd4 Kg6 43. Kc5 Rd8 44. Kxb5 Rxd5+ 45. Kc6 Rd1 46. b5 Rc1+ 47. Kb7 Kf7 48. b6 Ke7 49. Kb8 Kd7 50. b7 Re1 51. Ka7 Ra1+ 52. Kb6 1-0

[Event "ECU-ch Schools U15 Clas1"]
[Site "Chess.com INT"]
[Date "2020.11.05"]
[Round "2"]
[White "Chilan Villa, Andres Jesus"]
[Black "Tola Lazo, David Sebastian"]
[Result "1-0"]
[WhiteElo "1493"]
[BlackElo "198"]
[PlyCount "33"]
[EventDate "2020.11.05"]
[EventType "swiss"]
[EventRounds "9"]
[EventCountry "ECU"]
[SourceTitle "EXT 2022"]
[Source "ChessBase"]
[SourceDate "2021.10.06"]
[SourceVersion "1"]
[SourceVersionDate "2021.10.06"]
[SourceQuality "1"]

1. e4 c6 2. d4 d5 3. Nc3 dxe4 4. Nxe4 Bf5 5. Ng3 Bg6 6. Nf3 h6 7. Ne5 Bh7 8. Bc4 e6 9. Qh5 g6 10. Qf3 Nf6 11. Ne4 Bg7 12. Bxh6 0-0 13. Nxf6+ Bxf6 14. Bxf8 Kxf8 15. 0-0-0 Nd7 16. Nxd7+ Qxd7 17. Qxf6 1-0